Geology of Hungary: With 116 figures, 57 photos and 5 tables in the text

Bibliographic Details
Main Author: Trunko L. Laszlo
Language:English
Published: Berlin, Borntraeger, 1996
Subjects:
Format: Book
KOHA link:https://koha.lib.tpu.ru/cgi-bin/koha/opac-detail.pl?biblionumber=10102

MARC

LEADER 00000nam0a2200000 4500
001 10102
005 20231030182755.0
010 |a 3443110231 
035 |a (RuTPU)RU\TPU\book\10160 
035 |a BOOK00000007 
090 |a 10102 
100 |a 20011209d1996 k y0engy50 ba 
101 0 |a eng 
102 |a DE 
105 |a a z 000zy 
200 1 |a Geology of Hungary  |e With 116 figures, 57 photos and 5 tables in the text  |f L. Trunko 
210 |a Berlin  |c Borntraeger  |d 1996  |a Stuttgart 
215 |a 464 p. 
610 1 |a геология 
610 1 |a Венгрия 
675 |a 55(4)  |v 3 
700 1 |a Trunko  |b L.  |g Laszlo 
801 0 |a RU  |b 63413507  |c 20011209  |g PSBO 
801 2 |a RU  |b 63413507  |c 20070907  |g PSBO 
942 |c BK